000
00262nam a22001217a 4500
008
181101b xxu||||| |||| 00| 0 eng d
041
_a
eng
080
_a
910.
100
_a
45
101
_a
GEO
245
_a
Literacy World Atlas
_c
Hammon.s
942
_2
udc
_c
BK
999
_c
51522
_d
51522